Διαδικτυακή εφαρμογή κοινωνικού - ψυχολογικού μοντέλου Bourbeau : πτυχιακή εργασία
Μετατροπή του κοινωνικο-ψυχολογικού μοντέλου (δημιουργία πέντε βασικών τραυμάτων) της Lise Bourbeau σε μια διαδικτυακή εφαρμογή.
Αποθηκεύτηκε σε:
| Κύριος συγγραφέας: | |
|---|---|
| Συγγραφή απο Οργανισμό/Αρχή: | |
| Μορφή: | Thesis Βιβλίο |
| Γλώσσα: | Greek |
| Δημοσίευση: |
2013.
|
| Θέματα: | |
| Διαθέσιμο Online: | http://hdl.handle.net/11610/8720 |
| Ετικέτες: |
Προσθήκη ετικέτας
Δεν υπάρχουν, Καταχωρήστε ετικέτα πρώτοι!
|
MARC
| LEADER | 00000cam a2200000 i 4500 | ||
|---|---|---|---|
| 001 | 1/39827 | ||
| 008 | 140109s2013 gr | ||| |||| ||gre|| | ||
| 035 | |l 10116275 | ||
| 040 | |a GR-MyUA |b gre |e AACR2 | ||
| 041 | 0 | |a gre | |
| 082 | 0 | |a 150.2870285 |2 (22) | |
| 100 | 1 | |a Ασπρίδου, Μαρία. | |
| 245 | 1 | 0 | |a Διαδικτυακή εφαρμογή κοινωνικού - ψυχολογικού μοντέλου Bourbeau : |b πτυχιακή εργασία / |c Μαρία Ασπρίδου ; επιβλέπων καθηγητής Ιωάννης Χαραλαμπίδης. |
| 260 | |c 2013. | ||
| 300 | |a 162 σ. : |b είκ., πίν. ; |c 30 εκ. | ||
| 500 | |a Μέλη της εξεταστικής επιτροπής: Χαραλαμπίδης Ιωάννης, Κοκολάκης Σπύρος, Λουκής Ευριπίδης. | ||
| 502 | |a Πτυχιακή εργασία – Πανεπιστήμιο Αιγαίου, Σάμος, 2013. | ||
| 504 | |a Βιβλιογραφία: σ. 73. | ||
| 506 | 1 | |a Διάθεση πλήρους κειμένου ; |d Ενδοπανεπιστημιακή δημοσίευση. | |
| 520 | |a Μετατροπή του κοινωνικο-ψυχολογικού μοντέλου (δημιουργία πέντε βασικών τραυμάτων) της Lise Bourbeau σε μια διαδικτυακή εφαρμογή. | ||
| 520 | |a This thesis builds a web application based on Lise Bourbeau's psychological model on the creation of five fundamental wounds. | ||
| 540 | |a Κλειδωμένη η δυνατότητα αντιγραφής (copy) του κειμένου. | ||
| 610 | 2 | 0 | |a University of the Aegean |x Dissertations. |
| 650 | 0 | 0 | |a Psychological tests |x Databases. |
| 650 | 0 | 0 | |a Internet. |
| 650 | 0 | 0 | |a Dissertations, Academic |z Greece. |
| 700 | 1 | |a Χαραλαμπίδης, Ιωάννης, |e dgs | |
| 710 | 2 | |a Πανεπιστήμιο Αιγαίου. |b Σχολή Θετικών Επιστημών. |b Τμήμα Μηχανικών Πληροφοριακών και Επικοινωνιακών Συστημάτων. | |
| 852 | |a INST |b SAMOS |c DIATR |e 20140109 |h 150.2870285 ΑΣΠ |p 005300036254 |q 005300036254 |t DIE |y 23 | ||
| 852 | |a INST |b SAMOS |c DIATR |e 20140109 |h 150.2870285 ΑΣΠ |p 005300036255 |q 005300036255 |t DIE |y 23 | ||
| 856 | |u http://hdl.handle.net/11610/8720 | ||
| 901 | |a BIBL3-2014-1 | ||
| 909 | |a Σ |b 184466 | ||
| 909 | |a Σ |b 184467 | ||
| 924 | |a ΑΣΠΡΙΔΟΥ |b ΜΑΡΙΑ |y Σάμος |z 2013-11 | ||
| 970 | |a ΚΟΣΙΕΡΗΣ |b ΧΡΗΣΤΟΣ |z 2014/01/09 | ||